Objekte im Sonnensystem - Statistiken

Allgemein
  • Dieses Quiz wurde 54 mal gespielt
  • Das Durchschnittsergebnis liegt bei 6 aus 15
Answers on the Grid
Answers color-coded by a green-red scale on the quiz's grid according to % correct below.
Arrokoth
Vortumnus
Methone
Clypeus
Puck
Nebularis
Thalasor
Eris
Glacidor
Draconius
Bennu
Ganymed
Oblivionis
Haumea
Pan
Stratonus
Dactyl
Xerthos
Noctiluna
Mimas
Tarvos
Brontaxis
Fulgoris
Kerberos
Albiorix
Chariklo
Solvador
Velmora
Iapeteus
Tremorium
 
Antwortstatistiken
Antwort % Korrekt
Eris
95%
Ganymed
85%
Haumea
80%
Mimas
70%
Iapeteus
55%
Kerberos
55%
Pan
50%
Puck
50%
Methone
25%
Arrokoth
20%
Albiorix
15%
Bennu
15%
Tarvos
15%
Dactyl
10%
Chariklo
0%
Keine übereinstimmenden Quizze gefunden
Verteilung der Resultate
Anzahl Personen mit jedem Resultat
Perzentil nach korrekt beantworteten Fragen
Ihre Resultats-Entwicklung
Sie haben dieses Quiz noch nicht gespielt